| 000 | 00392cam a2200157ua 4500 | ||
|---|---|---|---|
| 041 |
_aeng _h |
||
| 082 |
_a870 _bWHI/SH |
||
| 100 | _aWhitfiled, J H . | ||
| 245 |
_aShort history of Italian literature / _cJ H Whitfield. _hTextual Documents |
||
| 250 |
_a1 / _b. |
||
| 260 |
_aBellomore : _bPenguin Books , _c1960. |
||
| 300 | _a303 ; . | ||
| 504 | _a | ||
| 942 | _cBK | ||
| 999 |
_c6945 _d6945 |
||